000 00256nam a2200109Ia 4500
008 221007s9999 xx 000 0 und d
041 _aeng
100 _aNov-05
_996885
245 _aPC Quest: Opera 8.5
260 _bCyber media Ind. Ltd.
906 _bGeneral
999 _c61346
_d61346